| 000 | 00739nam a22002297a 4500 | ||
|---|---|---|---|
| 005 | 20170124105914.0 | ||
| 010 | _aB-092510 | ||
| 020 |
_c425.00 _a817000344 |
||
| 035 | _aB-092510 | ||
| 037 | _bCen Lib/Ret | ||
| 040 |
_aDPL _bEN |
||
| 082 |
_a020.72 _bRES |
||
| 245 |
_aResearch in library and information science / _cedited by G. Devarajan |
||
| 260 |
_aNew Delhi _bEss Ess Publications _c2002 |
||
| 270 |
_a4837/24, Ansari Road, Dariya Ganj _bNew Delhi _e110002 |
||
| 300 |
_aii,169p. _c23cm(Hb) |
||
| 500 | _aIncludes bibliographical reference and index | ||
| 650 |
_aLibrary Science _9105244 |
||
| 650 |
_aResearch-Library Science _9105245 |
||
| 700 |
_aDevarajan, G. _992324 |
||
| 942 |
_2ddc _cEN _h020.72 _mRES |
||
| 999 |
_c122715 _d122715 |
||